| 000 | 01027nam a22002537a 4500 | ||
|---|---|---|---|
| 005 | 20170123164149.0 | ||
| 010 | _aA-771015 | ||
| 020 | _c40.00 | ||
| 035 | _aA-771015 | ||
| 037 | _bCen Lib/Ret | ||
| 040 |
_aDPL _bPN |
||
| 082 |
_a852 _bਸਿੱਧੂਚ |
||
| 100 |
_aਸਿੱਧੂ, ਚਰਨਦਾਸ _9135388 |
||
| 245 |
_aਨੀਨਾ ਮਹਾਂਵੀਰ : _cਚਰਨਦਾਸ ਸਿੱਧੂ _bਨਾਟਕ / |
||
| 246 |
_aNeena mahaveer : a punjabi play / _bby Charan Dass Sidhu |
||
| 260 |
_aਦਿੱਲੀ _bਨੈਸ਼ਨਲ਼ ਬੂਕ ਸ਼ਾਪ _c1993 |
||
| 270 |
_aਪ੍ਲੇਆਸੁਰ ਗਾਰਡਨ ਮਾਰਕਿਟ, ਚਾਂਦਨੀ ਚੋਕ _b ਦਿੱਲੀ _e110006 |
||
| 300 |
_a99p ; _c20cm |
||
| 650 |
_aਪੰਜਾਬੀ --ਨਾਟਕ _9135389 |
||
| 650 |
_aਸਾਹਿਤ -- ਪੰਜਾਬੀ _9135390 |
||
| 650 |
_aliterature -- Punjabi _9135391 |
||
| 650 |
_aPunjabi - Punjabi - Play _9116109 |
||
| 942 |
_2ddc _cPN _h852 _mਸਿੱਧੂਚ |
||
| 999 |
_c110239 _d110239 |
||